Rizikovosť poľnohospodárskej výroby a jej riešenie na Slovensku a vo vybraných štátoch

Gespeichert in:
Bibliographische Detailangaben
1. Verfasser: Chrastinová, Zuzana
Format: Buch
Sprache:Slowakisch
Veröffentlicht: Bratislava Výskumný ústav ekonomiky poľnohospodárstva a potravinárstva 2002
Schriftenreihe:Štúdia č. 65/2002
Schlagworte:
Tags: Tag hinzufügen
Keine Tags, Fügen Sie das erste Tag hinzu!

MARC

LEADER 00000nam a2200000 4500
001 c141087
005 20221124092810.2
020 |a 80-8058-258-0 
041 0 |a slo 
044 |a SK 
245 1 0 |a Rizikovosť poľnohospodárskej výroby a jej riešenie na Slovensku a vo vybraných štátoch  |c Zuzana Chrastinová 
264 1 |a Bratislava  |b Výskumný ústav ekonomiky poľnohospodárstva a potravinárstva  |c 2002 
300 |a 29 s. 
490 1 |a Štúdia  |v č. 65/2002 
830 0 |a Štúdia  |v č. 65/2002 
610 2 0 |a poľnohospodárstvo 
610 2 0 |a výroba poľnohospodárska 
610 2 0 |a riziko 
610 2 0 |a porovnanie medzinárodné 
610 2 0 |a škody 
610 2 0 |a náhrada škody 
610 2 0 |a štúdie 
610 2 0 |a Slovensko 
100 1 |a Chrastinová, Zuzana